Elektrické stroje pre automatizáciu

Bibliographic Details
Main Author: Ferková, Želmíra, 1958- (Author)
Corporate Author: Technická univerzita v Košiciach. Fakulta elektrotechniky a informatiky
Format: Software eBook
Language:Slovak
PhysicalDescription:1 elektronický optický disk (DVD-ROM) fareb. 12 cm
Published: V Košiciach Technická univerzita v Košiciach 2015
ISBN:9788055320700
Edition:Vyd.: prvé
Subjects:

MARC

LEADER 00000nam a2200000 a 4500
001 vtls011634259
003 SK-MaSNL
005 20260302015732.0
007 co cg auuua
008 240318s2015 xo | fsp 000 0 slo
015 |a SNBS2017 
020 |a 9788055320700  |q (elektronická kniha) 
040 |a SNK  |b slo  |c SNK  |e AACR2 
041 0 |a slo 
044 |a xo  |c SK 
072 7 |a 621.3  |x Elektrotechnika  |2 konspekt 
080 |a 621.313  |2 2011 
080 |a 681.5  |2 2011 
080 |a (075.8)  |2 2011 
080 |a (0.034.44)  |2 2011 
100 1 |a Ferková, Želmíra,  |d 1958-  |4 aut  |9 106706 
245 1 0 |a Elektrické stroje pre automatizáciu  |h elektronický zdroj  |c Želmíra Ferková 
250 |a Vyd.: prvé 
260 |a V Košiciach  |b Technická univerzita v Košiciach  |c 2015 
300 |a 1 elektronický optický disk (DVD-ROM)  |b fareb.  |c 12 cm 
500 |a Názov z titulnej obrazovky 
500 |a Na titulnej stránke: Fakulta elektrotechniky a informatiky 
504 |a Bibliogr. 
516 |a Textový dokument (skriptá), súbor vo formáte pdf 
536 |a Názov projektu: Balík doplnkov pre ďalšiu reformu vzdelávania na TUKE - ITMS 26110230093 
538 |a Technické požiadavky: PDF prehliadač 
650 0 7 |a elektrické stroje  |2 SNKPH  |9 3914 
650 0 7 |a automatizácia  |2 SNKPH  |9 1428 
650 0 7 |a Electric machines  |2 SNKPHeng  |9 279930 
650 0 7 |a Automation  |2 SNKPHeng  |9 277006 
655 7 |a elektronické zdroje  |2 SNKPH  |9 90954 
655 7 |a DVD-ROM  |2 SNKPH  |9 113904 
655 7 |a učebnice vysokých škôl  |2 SNKPH  |9 70191 
655 7 |a Electronic resources  |2 SNKPHeng  |9 175546 
655 7 |a Textbooks (higher)  |2 SNKPHeng  |9 276436 
710 2 |a Technická univerzita v Košiciach.  |b Fakulta elektrotechniky a informatiky  |9 124217 
752 |a Slovensko  |d Košice 
919 |a 978-80-553-2070-0 
958 |a NB 
999 |c 1022425  |d 1024355 
952 |a SNK  |b SNK  |y PREZ  |7 0  |p 17A1259862  |o snkSCDM 9373  |i snk2017/13011  |8 0  |0 0  |1 0  |4 0  |d 2017-06-05  |l 0  |r 2026-02-24 13:28:28  |w 2026-02-24